Statistics for Top Pork Consuming Countries Per-Capita

Click here to take the quiz!

General Stats

  • This quiz has been taken 191 times
  • The average score is 10 of 16

Answer Stats

#lbs.Answer% Correct
391.1European Union
99%
865.3United States
99%
488.6China
91%
1155.7Australia
89%
1651.2Canada
88%
1452.8New Zealand
83%
685.8South Korea
72%
963.3Vietnam
60%
586.8Taiwan
52%
1253.1Chile
52%
1056.2Norway
50%
1114.8Serbia
35%
1552.6Singapore
35%
784.9Belarus
32%
2107.7Montenegro
26%
1353.0Bahamas
14%

Score Distribution

Percentile by Number Answered

Percent of People with Each Score

Your Score History

You have not taken this quiz